CONCACAF Members - Statistics

General Stats
  • This quiz has been taken 614 times
  • The average score is 28 of 41
Answer Stats
Member % Correct
Mexico
98%
United States of America
98%
Canada
96%
Costa Rica
92%
Panama
92%
Honduras
91%
Cuba
90%
Jamaica
90%
El Salvador
88%
Haiti
87%
Trinidad and Tobago
86%
Guatemala
85%
Belize
83%
Dominica
83%
Bahamas
82%
Dominican Republic
81%
Nicaragua
81%
Barbados
79%
Antigua and Barbuda
78%
Saint Lucia
74%
Saint Kitts and Nevis
72%
Grenada
71%
Puerto Rico
67%
Saint Vincent and the Grenadines
67%
Guyana
62%
Suriname
61%
Aruba
60%
Bermuda
57%
Saint Martin
56%
Curacao
53%
U.S. Virgin Islands
53%
British Virgin Islands
50%
Cayman Islands
46%
Martinique
46%
Anguilla
45%
French Guiana
43%
Montserrat
43%
Guadeloupe
41%
Turks and Caicos Islands
38%
Bonaire
32%
Sint Maarten
29%
No matching quizzes found
Score Distribution
Percent of People with Each Score
Percentile by Number Answered
Your Score History
You have not taken this quiz